Science Quiz

Random Science or Alphabet Quiz
Score 0/26 Timer 06:00
1 Play Today
Question Answer Wrong Answers
J
Click the computer programming language
Java
90.3%
Jaffa
1.1%
Jafar
0.6%
Javelin
0.5%
K
Click the chemical symbol for potassium
K
89.2%
Km
0.6%
Kp
1.7%
Kr
0.8%
H
Click the six-sided geometric shape
Hexagon
88.8%
Heptagon
2.1%
Hexadecagon
1%
Heptathlon
0.3%
W
Click the term for a very dense stellar core remnant
White dwarf
87.1%
White demon
2.4%
White devil
3.1%
Watt's Burst
4.5%
Q
Click the term for a particle which is a fundamental constituent of matter
Quark
85.1%
Quirk
3%
Quork
4.3%
Quizlet
1.4%
B
Graph shape indicating 'normal' distribution in probability and statistics
Bell curve
84.5%
Boy curve
0.9%
Boson curve
5.1%
Bully curve
1.2%
D
Click the muscle which forms the rounded contour of the shoulder
Deltoid
84.3%
Dentine
1.6%
Diaphragm
3.6%
Digastric
2.3%
E
Click the term for the outer layer of cells covering an organism
Epidermis
83.8%
Epididymis
5.9%
Erbium
1.2%
Ethylene
0.9%
I
Click the line on a map which indicates atmospheric pressure
Isobar
83.6%
Icosahedron
2.5%
Initiation
1.4%
Isopod
4.9%
N
Click the subatomic particle with no net electric charge
Neutron
83.3%
Nitrogen
3.4%
Newton
2.4%
Nixon
3.9%
Z
Click the real element
Zirconium
83.1%
Zircon
9.6%
Zenobium
4.5%
Zenith
2.6%
V
Click the electrical SI unit named after Italian physicist Alessandro
Volt
82.3%
Volume
1.4%
Vega
2.9%
Voltaire
10%
M
Click the technique or science of making and compounding alloys.
Metallurgy
80.7%
Metallica
4.6%
Metaldehyde
5%
Metalismo
2.3%
P
Click the answer which is not a precious or semi-precious gemstone
Potassium
80.4%
Peridot
3%
Prehnite
3.5%
Pyrite
6.7%
C
Click the animal which is the largest rodent in the world
Capybara
79.4%
Coypu
3.8%
Civet
4%
Cormorant
4.5%
X
Click the typical sex chromosome set for a female human
XX
77%
XY
17.7%
XYY
1.8%
XXY
2.2%
A
Click the science that studies celestial objects and phenomena
Astronomy
74.9%
Astrology
14.5%
Auxology
0.8%
Anthropology
1.4%
Y
Click the answer that is not a real animal
Yardbird
74.7%
Yak
1.6%
Yellowhammer
20.6%
Yellowfin tuna
2.7%
T
Click the animal which is not a reptile
Tapir
73.4%
Terrapin
6.7%
Taipan
9%
Tuatara
6.2%
G
Click the high grade metamorphic rock
Gneiss
71.7%
Gnocchi
2.6%
Gandalf
2.8%
Gharial
15%
L
Click the answer that is not a real element
Liberalium
69.7%
Lutetium
9.6%
Lawrencium
9.3%
Lanthanum
3.9%
O
Click the animal which is not a mammal
Oriole
61.7%
Oryx
11.9%
Oribi
13.6%
Okapi
6%
U
Click the particle containing a bottom quark
Upsilon meson
55.9%
Upsilon downer
21.2%
Upsilon nissan
10%
Upsilon son
8.6%
R
Click the term for a rootlike subterranean stem (of a plant)
Rhizome
54.2%
Rhesus
10.2%
Reticulum
23.9%
Radiator
5.9%
S
Click the answer which is not a constellation
Skeletorus
50%
Scutum
16.3%
Scorpius
2.4%
Sculptor
26.2%
F
Click the real constellation
Fornax
26.4%
Falstaffia
4.6%
Forcius Minor
53.3%
Francius
7.8%
Remove Ads.
Support Sporcle.
Get the best of Sporcle when you Go Orange. This ad-free experience offers more features, more stats, and more fun while also helping to support Sporcle. Thank you for becoming a member.

You're not logged in!

Compare scores with friends on all Sporcle quizzes.
OR
Log In

Sporcle TV

Today on Sporcle TV


Watch our educational content, quiz creation guides, and fun videos on Sporcle TV.

Show Comments

Extras

Top Quizzes Today


Score Distribution

Paid Content

Your Account Isn't Verified!

In order to create a playlist on Sporcle, you need to verify the email address you used during registration. Go to your Sporcle Settings to finish the process.

Report this User

Report this user for behavior that violates our Community Guidelines.

Details: